American beauties : (Record no. 606)

MARC details
000 -LEADER
fixed length control field 01266cam a2200313 a 4500
005 - DATE AND TIME OF LATEST TRANSACTION
control field 20260322212027.0
008 - FIXED-LENGTH DATA ELEMENTS--GENERAL INFORMATION
fixed length control field data
010 ## - LIBRARY OF CONGRESS CONTROL NUMBER
LC control number 92025894
020 ## - INTERNATIONAL STANDARD BOOK NUMBER
International Standard Book Number 0810919273
020 ## - INTERNATIONAL STANDARD BOOK NUMBER
International Standard Book Number 9780810919273
040 ## - CATALOGING SOURCE
Original cataloging agency DLC
Transcribing agency DLC
Modifying agency DLC
043 ## - GEOGRAPHIC AREA CODE
Geographic area code n-us---
050 00 - LIBRARY OF CONGRESS CALL NUMBER
Classification number NX652.W6
Item number A48 1993
082 00 - DEWEY DECIMAL CLASSIFICATION NUMBER
Classification number 700
Edition information 20
092 ## - LOCALLY ASSIGNED DEWEY CALL NUMBER (OCLC)
Classification number 700 A48 1993
001 - CONTROL NUMBER
control field data
245 00 - TITLE STATEMENT
Title American beauties :
Remainder of title women in art and literature : paintings, sculptures, drawings, photographs, and other works of art from the National Museum of American Art, Smithsonian Institution /
Statement of responsibility, etc. edited by National Museum of American Art (U.S.) & Charles Sullivan.
260 ## - PUBLICATION, DISTRIBUTION, ETC.
Place of publication, distribution, etc. New York :
Name of publisher, distributor, etc. H.N. Abrams,
Date of publication, distribution, etc. 1993.
300 ## - PHYSICAL DESCRIPTION
Extent 159 p. :
Other physical details ill. (some col.) ;
Dimensions 25 cm.
500 ## - GENERAL NOTE
General note "Published in association with the National Museum of American Art, Smithsonian Institution."
500 ## - GENERAL NOTE
General note Includes index.
650 #0 - SUBJECT ADDED ENTRY--TOPICAL TERM
Topical term or geographic name entry element Women in art.
650 #0 - SUBJECT ADDED ENTRY--TOPICAL TERM
Topical term or geographic name entry element Arts, American.
700 1# - ADDED ENTRY--PERSONAL NAME
Personal name Sullivan, Charles,
Dates associated with a name 1933-
710 2# - ADDED ENTRY--CORPORATE NAME
Corporate name or jurisdiction name as entry element National Museum of American Art (U.S.)
906 ## - LOCAL DATA ELEMENT F, LDF (RLIN)
a 7
b cbc
c orignew
d 1
e ocip
f 19
g y-gencatlg
991 ## -
-- c-GenColl
-- NX652.W6
-- A48 1993
-- Copy 1
-- BOOKS
Holdings
Withdrawn status Lost status Damaged status Not for loan Home library Current library Shelving location Date acquired Total checkouts Full call number Barcode Date last seen Price effective from Koha item type
        Pleasant Valley Pleasant Valley General stacks 22/03/2026   700 20 BC0010621 22/03/2026 22/03/2026 Books